000 01118nam a2200313 i 4500
003 EG-GICUC
005 20260423143250.0
008 260423s1908 fr |||fr|||| 00| 0 fre d
040 _aEG-GiCUC
_bfre
_cEG-GiCUC
_dEG-GiCUC
_eRda
041 _afre
082 0 4 _221
_a343.433
_bFO . L
092 0 4 _221
099 _aLaw1 10 343.433 FO . L 1908
100 1 _aFOURQUET, Émile
_eAuteur
245 1 0 _aLES VAGABONDS :
_bLes Vagabonds criminels Le Problème du Vakuondage /
_cPer Émile FOURQUET ; Préface de A LACASSAGNE
264 _aParis :
_bINPORCIER ET LAURABIE GENERALE DE JURISPRUDENCE MARCHAL ET BILLARG,
_c1908.
300 _a193 page ;
_c 24 cm.
336 _2rda contenu
_a texte
337 _2rda medias
_aOrdinateur
338 _2 transporteur rda
_a Ressource en ligne
546 _aTexte en français
650 1 4 _aLoi relative au sans-abrisme et à la mendicité
_2qrmak
650 1 4 _aLégislation pénale spéciale
651 1 _2qrmak
700 1 _aLACASSAGNE, A.
_ePréfacier
856 4 0 _uhttps://fll.law.cu.edu.eg/fulltext/bks/B10-11279.pdf
905 _a161
942 _2ddc
_cBK
_e21
_n0
999 _c73119
_d73119